| Tag |
First Indicator |
Second Indicator |
Subfields |
| LEADER |
00000cam a2200000Ia 4500 |
| 001 |
in00004515607 |
| 005 |
20190418084009.0 |
| 006 |
m d |
| 007 |
cr cn||||||||| |
| 008 |
040115s2004 enkab ob 001 0 eng d |
| 019 |
|
|
|a 171272529
|a 181587194
|
| 020 |
|
|
|z 0851998356 (alk. paper)
|
| 020 |
|
|
|z 9780851998350 (alk. paper)
|
| 020 |
|
|
|a 9780851990767 (electronic bk.)
|
| 020 |
|
|
|a 0851990762 (electronic bk.)
|
| 029 |
1 |
|
|a NZ1
|b 12436470
|
| 035 |
|
|
|a (OCoLC)ocn232160403
|
| 035 |
|
|
|a (OCoLC)232160403
|z (OCoLC)171272529
|z (OCoLC)181587194
|
| 040 |
|
|
|a IOD
|b eng
|c IOD
|d OCLCG
|d CUY
|d OCLCQ
|d N$T
|d YDXCP
|d CUV
|d IDEBK
|d CN3GA
|d UtOrBLW
|
| 049 |
|
|
|a TMVM
|
| 050 |
|
4 |
|a S600.7.C54
|b C66 2004
|
| 060 |
|
4 |
|a S 600.7.C54
|b C63902 2004eb
|
| 245 |
0 |
0 |
|a Climate change in contrasting river basins :
|b adaptation strategies for water, food, and environment /
|c edited by Jeroen C.J.H. Aerts and Peter Droogers.
|
| 264 |
|
1 |
|a Wallingford, Oxon, UK ;
|a Cambridge, MA :
|b CABI Pub.,
|c [2004]
|
| 264 |
|
4 |
|c ©2004
|
| 300 |
|
|
|a 1 online resource
|
| 336 |
|
|
|a text
|b txt
|2 rdacontent
|
| 337 |
|
|
|a computer
|b c
|2 rdamedia
|
| 338 |
|
|
|a online resource
|b cr
|2 rdacarrier
|
| 500 |
|
|
|a Description based on opening page (viewed Mar. 25, 2015).
|
| 506 |
|
|
|a This title is restricted to authorized TAMU and TAMHSC users on authorized TAMU computers and via proxy.
|
| 520 |
|
|
|a "This book has been developed from the ADAPT Project, focusing on the development of regional adaptation strategies for water, food and the environment in river basins across the world. A generic methodology is presented and applied to seven case studies in contrasting geographical areas of the world. The book provides a unique contribution and will interest researchers in climatology, geography, ecology, agriculture, environmental studies and related disciplines."--Book jacket.
|
| 500 |
|
|
|a Electronic resource.
|
| 650 |
|
0 |
|a Climatic changes.
|0 http://id.loc.gov/authorities/subjects/sh85027037
|
| 650 |
|
0 |
|a Crops and water.
|0 http://id.loc.gov/authorities/subjects/sh85034258
|
| 650 |
|
0 |
|a Crops and climate.
|0 http://id.loc.gov/authorities/subjects/sh85034256
|
| 650 |
|
2 |
|a Crops, Agricultural.
|0 https://id.nlm.nih.gov/mesh/D018556
|
| 650 |
|
2 |
|a Climate.
|0 https://id.nlm.nih.gov/mesh/D002980
|
| 650 |
|
2 |
|a Rivers.
|0 https://id.nlm.nih.gov/mesh/D045483
|
| 655 |
|
7 |
|a Ebooks.
|2 local
|
| 655 |
|
7 |
|a Electronic books.
|2 local
|
| 700 |
1 |
|
|a Aerts, Jeroen C. J. H.
|0 http://id.loc.gov/authorities/names/n2004001010
|
| 700 |
1 |
|
|a Droogers, Peter,
|d 1961-
|0 http://id.loc.gov/authorities/names/no00086168
|
| 710 |
2 |
|
|a C.A.B. International.
|0 http://id.loc.gov/authorities/names/n86018549
|
| 856 |
4 |
0 |
|u http://proxy.library.tamu.edu/login?url=http://dx.doi.org/10.1079/9780851998350.0000
|z Connect to the full text of this electronic book.
|t 0
|
| 999 |
f |
f |
|s 605dec21-45a6-3479-9ebd-27dbdd9d90f4
|i 27627c8e-b7e2-3831-9d36-39313373969f
|t 0
|
| 952 |
f |
f |
|a Texas A&M University
|b College Station
|c Electronic Resources
|d Available Online
|t 0
|e S 600.7.C54 C63902 2004eb
|h National Library of Medicine classification
|
| 998 |
f |
f |
|a S 600.7.C54 C63902 2004eb
|t 0
|l Available Online
|